مكتبة جامعة عجلون الوطنية

فهرس بحث المكتبة

احكام بطلان الاجراءات في قانون اصول المحاكمات الجزائيه (دراسة مقارنه) = ( A Comparative Syudy) Provisions of invalidity proceeding in the code of criminal procedure (Record no. 29707)

MARC details
000 -LEADER
fixed length control field 01303nam a2200253Ii 4500
003 - CONTROL NUMBER IDENTIFIER
control field JO-AjNU
005 - DATE AND TIME OF LATEST TRANSACTION
control field 20240629102935.0
008 - FIXED-LENGTH DATA ELEMENTS--GENERAL INFORMATION
fixed length control field 230605s9999||||xx |||||||||||||| ||und||
040 ## - CATALOGING SOURCE
Original cataloging agency JO-AjNU
Language of cataloging ara
Description conventions rda
Transcribing agency JO-AjNU
041 ## - LANGUAGE CODE
Language code of text/sound track or separate title ara
050 14 - LIBRARY OF CONGRESS CALL NUMBER
Classification number k2400 2018
100 ## - MAIN ENTRY--PERSONAL NAME
Personal name الفهداوي، احمد عبدالهادي خلف
Relator term معد
9 (RLIN) 65758
245 00 - TITLE STATEMENT
Title احكام بطلان الاجراءات في قانون اصول المحاكمات الجزائيه (دراسة مقارنه) = ( A Comparative Syudy) Provisions of invalidity proceeding in the code of criminal procedure
Statement of responsibility, etc. / اعداد احمد عبدالهادي خلف الفهداوي ؛ اشراف عبد الحكيم محسن عطروش
264 31 - PRODUCTION, PUBLICATION, DISTRIBUTION, MANUFACTURE, AND COPYRIGHT NOTICE
Place of production, publication, distribution, manufacture 2018
300 ## - PHYSICAL DESCRIPTION
Extent 119 ورقة
336 ## - CONTENT TYPE
Content type term text
Content type code txt
Source rdacontent
337 ## - MEDIA TYPE
Media type term unmediated
Media type code n
Source rdamedia
338 ## - CARRIER TYPE
Carrier type term volume
Carrier type code nc
Source rdacarrier
500 ## - GENERAL NOTE
General note رساله جامعيه (ماجستير في القانون) - جامعة عجلون الوطنيه (عجلون ، الاردن) ، كلية القانون ، 2018
650 #4 - SUBJECT ADDED ENTRY--TOPICAL TERM
Topical term or geographic name entry element القانون - بطلان الاحكام
9 (RLIN) 58232
700 ## - ADDED ENTRY--PERSONAL NAME
Personal name عبد الحكيم محسن عطروش
Relator term مشرف
9 (RLIN) 65760
700 ## - ADDED ENTRY--PERSONAL NAME
Personal name زيد ابراهيم الغرايبة
Relator term مشرف مشارك
9 (RLIN) 65762
942 ## - ADDED ENTRY ELEMENTS (KOHA)
Source of classification or shelving scheme Library of Congress Classification
Koha item type Thesis
Holdings
Withdrawn status Lost status Source of classification or shelving scheme Damaged status Not for loan Home library Current library Shelving location Date acquired Total Checkouts Full call number Barcode Date last seen Price effective from Koha item type
    Library of Congress Classification     مكتبة جامعة عجلون الوطنية مكتبة جامعة عجلون الوطنية المراجع 02/07/2024   k2400 2018 A26139 06/06/2023 02/07/2024 Thesis
    Library of Congress Classification     مكتبة جامعة عجلون الوطنية مكتبة جامعة عجلون الوطنية   29/06/2024   k2400 2018 A26138 29/06/2024 29/06/2024 Thesis